Language Quiz

Random Language or Spanish Quiz

Etymologies of North American Countries Quiz Stats

 Plays Quiz not verified by Sporcle

Score 0/23 Timer 06:00
2 Plays Today
% Correct
United States of Amerigo
96.9%
Place of Mexi
95.2%
Republic of
Saint Dominic
88%
Rich Coast
86.2%
Island of the
Holy Trinity
and Tobacco
81.6%
The Savior
79.8%
Nicarao of Water
79.8%
Saint Vincent and
the Pomegranates
64.3%
Village
58.2%
Saint Lucy
57.4%
Ancient and Bearded
55.4%
The Shallows
51%
% Correct
Sunday
Island
50.8%
Bearded Ones
49.2%
Saint Christopher
and Our Lady of
the Snows
47.4%
Pomegranate
45.4%
Muddy
Water
40.8%
Depths
39.3%
Forest
36.2%
Abundant Fertile Land
31.4%
Place of Many Fish
29.8%
Mountainous Land
27%
Land of Wood
and Water
21.4%

You're not logged in!

Compare scores with friends on all Sporcle quizzes.
OR
Log In

You Might Also Like...

Show Comments

Extras

Top Quizzes Today


Score Distribution

Your Account Isn't Verified!

In order to create a playlist on Sporcle, you need to verify the email address you used during registration. Go to your Sporcle Settings to finish the process.

Report this User

Report this user for behavior that violates our Community Guidelines.

Details: